Countries With The Most Silver Deposits - Statistics

General Stats
  • This quiz has been taken 33 times
  • The average score is 9 of 10
Answer Stats
Continent Answer % Correct
Oceania Australia
97%
Asia China
97%
North America Mexico
97%
North America Mexico
97%
Europe Russia
97%
North America United States
97%
South America Chile
94%
South America Bolivia
91%
South America Peru
91%
Europe Poland
75%
No matching quizzes found
Score Distribution
Percent of People with Each Score
Percentile by Number Answered
Your Score History
You have not taken this quiz